000 00759nam a2200241 a 4500
999 _c130396
_d130396
001 2316875
003 ARRUPE
005 20200312114152.0
008 850104s1981 nyu b 000 0 eng
010 _a 81080051
020 _a0809123770 (pbk.)
040 _aDLC
_cDLC
_dDLC
050 0 0 _aBS680.P47
_bG964 1981
082 0 0 _a261.8/5
_219
100 1 _aGuinan, Michael D.
_949609
245 1 0 _aGospel poverty :
_bwitness to the risen Christ : a study in biblical spirituality /
_cMichael D. Guinan.
260 _aNew York :
_bPaulist Press,
_cc1981.
300 _a95 p. ;
_c21 cm.
504 _aBibliography: p. 81-82.
650 0 _aPoverty
_xBiblical teaching.
_949610
906 _a7
_bcbc
_corignew
_d3
_eopcn
_f19
_gy-gencatlg
942 _2lcc
_cMONOGRAPH